Najstarsze kraje świata - Statystyki

Ogólne statystyki
  • Ten quiz został rozwiązany 1 101 razy
    1 075 od ostatniego zresetowania
  • Średni wynik to 3 z 6
Statystyki odpowiedzi
Hint Odpowiedź % Poprawnych
ok. 3350 p.n.e. Egipt
88%
1750–1650 r.p.n.e. Chiny
81%
3200 r.p.n.e. Grecja
76%
40 tys. lat p.n.e. Iran
58%
782 r.p.n.e. Armenia
25%
301 r. San Marino
19%
Nie znaleziono quizów pasujących do podanych kryteriów
Rozkład punktacji
Procent ludzi z każdym wynikiem
Percentyl według liczby udzielonych odpowiedzi
Twoja historia wyników
Nie rozwiązałeś tego quizu od ostatniego zresetowania